[Event "CAN-op"]
[Site "Scarborough CAN"]
[Date "1992.07.25"]
[Round "8"]
[White "Hergott, Deen"]
[Black "Dougherty, Michael"]
[Result "1/2-1/2"]
[WhiteElo "2510"]
[BlackElo "2283"]
[PlyCount "109"]
[EventDate "1992.07.18"]
[EventType "swiss"]
[EventRounds "10"]
[EventCountry "CAN"]

1. Nf3 c5 2. c4 Nc6 3. Nc3 e6 4. g3 b6 5. Bg2 Bb7 6. O-O Nge7 7. d4 cxd4 8.
Nxd4 a6 9. Bf4 Rc8 10. Ne4 Ng6 11. Nd6+ Bxd6 12. Bxd6 Na5 13. b3 Bxg2 14. Kxg2
Nb7 15. Ba3 d6 16. f4 Qd7 17. e4 O-O 18. f5 Ne5 19. Qh5 Nc5 20. Rf4 g6 21. Qh6
exf5 22. exf5 f6 23. fxg6 Nxg6 24. Rf3 d5 25. Re1 dxc4 26. Bxc5 bxc5 27. Ne6
Rf7 28. bxc4 Rc6 29. Rfe3 Re7 30. Qh3 Rd6 31. Qf5 Rd2+ 32. Kh3 Qc6 33. Re4 Rxa2
34. Qxf6 Qd7 35. Rf1 Rf7 36. Qxf7+ Qxf7 37. Rxf7 Kxf7 38. Nxc5 a5 39. Rd4 Ne5
40. Rf4+ Ke7 41. Rh4 Nf3 42. Rxh7+ Kd6 43. Nb7+ Kc6 44. Nxa5+ Rxa5 45. Kg4 Ne5+
46. Kf4 Nxc4 47. h4 Ne5 48. g4 Ng6+ 49. Ke4 Kd6 50. h5 Nf8 51. Rg7 Ne6 52. Rg8
Ke7 53. h6 Ng5+ 54. Kf4 Kf6 55. Rf8+ 1/2-1/2

[Event "Olympiad"]
[Site "Manila PHI"]
[Date "1992.06.11"]
[Round "4"]
[White "Hergott, Deen"]
[Black "Bouaziz, Slim"]
[Result "1-0"]
[WhiteElo "2410"]
[BlackElo "2385"]
[PlyCount "81"]
[EventDate "1992.06.08"]
[EventType "team"]
[EventRounds "14"]
[EventCountry "PHI"]

1. c4 Nf6 2. Nf3 e6 3. d4 c5 4. g3 d5 5. cxd5 Nxd5 6. Bg2 Nc6 7. O-O cxd4 8.
Nxd4 Ndb4 9. Nxc6 Nxc6 10. Qxd8+ Nxd8 11. Nc3 Bd7 12. Be3 Bb4 13. Ne4 Bc6 14.
Rfd1 O-O 15. Nc5 Bxc5 16. Bxc5 Re8 17. Rac1 Bxg2 18. Kxg2 b6 19. Ba3 e5 20. Rd5
f6 21. Rd7 Ne6 22. Rc6 h5 23. e3 Kh7 24. Be7 Kg6 25. f4 Rac8 26. Rxe6 Kf5 27.
Red6 Rc2+ 28. Kh3 Rxb2 29. fxe5 fxe5 30. Rxa7 Ke4 31. Rd8 Rxd8 32. Bxd8 Kxe3
33. Rxg7 Kf2 34. g4 hxg4+ 35. Rxg4 Kf3 36. Rg3+ Kf4 37. a3 e4 38. Bg5+ Kf5 39.
Bc1 Rc2 40. Be3 b5 41. Rg5+ 1-0

[Event "Olympiad"]
[Site "Manila PHI"]
[Date "1992.06.16"]
[Round "8"]
[White "Bricard, Emmanuel"]
[Black "Hergott, Deen"]
[Result "1-0"]
[WhiteElo "2430"]
[BlackElo "2410"]
[PlyCount "91"]
[EventDate "1992.06.08"]
[EventType "team"]
[EventRounds "14"]
[EventCountry "PHI"]

1. Nf3 g6 2. e4 Bg7 3. d4 d6 4. Nc3 a6 5. a4 Bg4 6. Be3 Nc6 7. Be2 e5 8. dxe5
dxe5 9. Qxd8+ Rxd8 10. Nd5 Rd7 11. c3 Nge7 12. Bc4 Nxd5 13. Bxd5 Nd8 14. Ng5
Rd6 15. h3 Bc8 16. Bc5 Rf6 17. O-O b6 18. Be3 O-O 19. Rfd1 Re8 20. b4 h6 21.
Nf3 Bxh3 22. gxh3 Rxf3 23. Bc4 Rxh3 24. Bxa6 f5 25. Bc4+ Kh7 26. a5 f4 27. Kg2
Rh5 28. Bc1 f3+ 29. Kg3 bxa5 30. bxa5 Bf6 31. Be3 Rf8 32. Rh1 Bg5 33. Rxh5 Bxe3
34. Rhh1 Bf4+ 35. Kxf3 Bd2+ 36. Ke2 Bxc3 37. Ra4 Bd4 38. f3 Nc6 39. Bd5 Na7 40.
Rb1 h5 41. Rb7 Bg1 42. Rc4 Rc8 43. Be6 Ra8 44. Rcxc7+ Kh6 45. Bd5 Bd4 46. Rb6
1-0

[Event "Olympiad"]
[Site "Manila PHI"]
[Date "1992.06.17"]
[Round "9"]
[White "Hergott, Deen"]
[Black "Maga, Mirabeau"]
[Result "0-1"]
[WhiteElo "2410"]
[BlackElo "2350"]
[PlyCount "110"]
[EventDate "1992.06.08"]
[EventType "team"]
[EventRounds "14"]
[EventCountry "PHI"]

1. Nf3 Nf6 2. c4 g6 3. Nc3 Bg7 4. d4 c5 5. d5 O-O 6. e4 d6 7. h3 e6 8. Bd3 Na6
9. O-O Nc7 10. Bg5 exd5 11. exd5 h6 12. Bd2 b5 13. cxb5 Bb7 14. Bc4 Nd7 15. Qb3
Nb6 16. Rad1 Qd7 17. Nh2 Kh7 18. f4 f5 19. Nf3 Qf7 20. Bc1 Rad8 21. Rfe1 Nxc4
22. Qxc4 Rfe8 23. a4 Rxe1+ 24. Rxe1 Nxd5 25. Rd1 Bxc3 26. bxc3 Kg8 27. a5 Qe6
28. a6 Ba8 29. Re1 Qf7 30. Rd1 Rd7 31. Kh2 Nb6 32. Qxf7+ Kxf7 33. Kg3 Bd5 34.
Be3 Re7 35. Kf2 Re4 36. g4 Ra4 37. gxf5 gxf5 38. Nh4 Ra2+ 39. Kg3 Ke6 40. Re1
Be4 41. Nf3 Nc4 42. Bc1 Rc2 43. Kh4 Kf7 44. Ng1 Rxc3 45. Kh5 Rb3 46. Kxh6 d5
47. h4 d4 48. h5 Rg3 49. Ne2 Rg2 50. Ng1 Rg3 51. Ne2 Rg8 52. Kh7 Rg7+ 53. Kh6
Nd6 54. Rg1 Bf3 55. Nxd4 Kg8 0-1

[Event "Olympiad"]
[Site "Manila PHI"]
[Date "1992.06.21"]
[Round "12"]
[White "Ricardi, Pablo"]
[Black "Hergott, Deen"]
[Result "0-1"]
[WhiteElo "2465"]
[BlackElo "2410"]
[PlyCount "116"]
[EventDate "1992.06.08"]
[EventType "team"]
[EventRounds "14"]
[EventCountry "PHI"]

1. Nf3 g6 2. d4 Bg7 3. c4 d6 4. Nc3 Bg4 5. e3 Nc6 6. Be2 Nh6 7. O-O O-O 8. b3
e5 9. dxe5 dxe5 10. Ba3 Re8 11. Qc2 Bf5 12. Ne4 Bxe4 13. Qxe4 f5 14. Qd5+ Nf7
15. Rad1 e4 16. Qb5 Qc8 17. Nd4 a6 18. Qd5 Nxd4 19. Rxd4 Re5 20. Qd7 Qxd7 21.
Rxd7 Ra5 22. Be7 Rxa2 23. Bd1 Rc8 24. f4 Bf8 25. Bf6 Bc5 26. Re1 Kf8 27. g4 Ke8
28. Rd5 Be7 29. Bc3 c6 30. Ra5 Rxa5 31. Bxa5 c5 32. gxf5 gxf5 33. Bh5 Rc6 34.
Rd1 Rd6 35. Rxd6 Bxd6 36. Kf2 Ke7 37. Ke2 Ke6 38. Kd2 Be7 39. Bb6 Nh6 40. h3
Ng8 41. Bc7 Nf6 42. Be2 Ne8 43. Be5 Bf6 44. Bb8 Ng7 45. Kc2 Kd7 46. Kd2 b6 47.
Bd1 Ne6 48. Ke2 Nd8 49. b4 Nb7 50. bxc5 Nxc5 51. Kd2 Nb7 52. Bh5 Na5 53. Bf7
Nc6 54. Be5 Bxe5 55. fxe5 Nxe5 56. Bg8 h5 57. Kc3 h4 58. Kd4 Kd6 0-1

[Event "Olympiad"]
[Site "Manila PHI"]
[Date "1992.06.22"]
[Round "13"]
[White "Hergott, Deen"]
[Black "Rodriguez Vargas, Orestes"]
[Result "1/2-1/2"]
[WhiteElo "2410"]
[BlackElo "2455"]
[PlyCount "53"]
[EventDate "1992.06.08"]
[EventType "team"]
[EventRounds "14"]
[EventCountry "PHI"]

1. Nf3 d5 2. d4 c5 3. c4 e6 4. cxd5 exd5 5. Nc3 Nc6 6. g3 c4 7. Bg2 Bb4 8. O-O
Nge7 9. a3 Ba5 10. e4 dxe4 11. Nxe4 O-O 12. Qa4 Bb6 13. Bg5 h6 14. Bxe7 Qxe7
15. d5 Qxe4 16. dxc6 Qxc6 17. Qxc6 bxc6 18. Ne5 Ba6 19. Nxc6 Rae8 20. Rfe1 g6
21. Bf1 Bb5 22. Ne7+ Kg7 23. b3 Bc5 24. Nd5 Rxe1 25. Rxe1 Bxa3 26. Ra1 Bb2 27.
Rxa7 1/2-1/2

[Event "CAN-ch"]
[Site "Kingston CAN"]
[Date "1992.??.??"]
[Round "2"]
[White "Hergott, Deen"]
[Black "Gentes, Kevin"]
[Result "1-0"]
[WhiteElo "2410"]
[BlackElo "2368"]
[PlyCount "81"]
[EventDate "1992.??.??"]
[EventType "tourn"]
[EventRounds "11"]
[EventCountry "CAN"]

1. Nf3 e6 2. c4 d5 3. b3 Nf6 4. g3 Be7 5. Bb2 O-O 6. Bg2 c5 7. O-O Nc6 8. e3 b6
9. Nc3 Bb7 10. cxd5 exd5 11. d4 Ne4 12. dxc5 Nxc3 13. Bxc3 bxc5 14. Qe2 Qc8 15.
Qb2 f6 16. Rfd1 Rd8 17. Rd2 Qe6 18. Rad1 Bf8 19. h4 Qf7 20. Ne1 Ne7 21. Nd3 Ng6
22. h5 Ne5 23. Bxe5 fxe5 24. Nxe5 Qxh5 25. g4 Qh4 26. Rxd5 Re8 27. Qe2 Bxd5 28.
Bxd5+ Kh8 29. Nf7+ Kg8 30. Nh6+ Kh8 31. Nf7+ Kg8 32. Kg2 Qf6 33. Nh6+ Kh8 34.
Nf7+ Kg8 35. Rh1 Qxf7 36. Bxf7+ Kxf7 37. Rxh7 Ke7 38. Qc4 Kd6 39. Rh5 Rac8 40.
Qa6+ Rc6 41. Qxa7 1-0

[Event "CAN-ch"]
[Site "Kingston CAN"]
[Date "1992.??.??"]
[Round "3"]
[White "Livshits, Ron"]
[Black "Hergott, Deen"]
[Result "0-1"]
[WhiteElo "2335"]
[BlackElo "2410"]
[PlyCount "62"]
[EventDate "1992.??.??"]
[EventType "tourn"]
[EventRounds "11"]
[EventCountry "CAN"]

1. d4 g6 2. e4 Bg7 3. Nc3 c6 4. f4 d6 5. Nf3 Bg4 6. Be2 Qb6 7. e5 Nh6 8. Ne4
O-O 9. c3 Na6 10. Qb3 c5 11. Qxb6 axb6 12. d5 Nf5 13. exd6 Nxd6 14. Nfd2 Bxe2
15. Kxe2 b5 16. a4 Nc7 17. Nxc5 Nxd5 18. Ndb3 b6 19. Rd1 Nxc3+ 20. bxc3 bxc5
21. Nxc5 Bxc3 22. Ra2 Rfc8 23. Nd7 Nc4 24. Rd5 b4 25. Rc2 Rxa4 26. Kd3 Ra7 27.
Be3 Nxe3 28. Kxe3 b3 29. Rf2 b2 30. Rf1 Ra1 31. Rdd1 Rca8 0-1

[Event "CAN-ch"]
[Site "Kingston CAN"]
[Date "1992.??.??"]
[Round "4"]
[White "Hergott, Deen"]
[Black "Spraggett, Kevin"]
[Result "1/2-1/2"]
[WhiteElo "2410"]
[BlackElo "2540"]
[PlyCount "33"]
[EventDate "1992.??.??"]
[EventType "tourn"]
[EventRounds "11"]
[EventCountry "CAN"]

1. d4 Nf6 2. c4 g6 3. Nc3 Bg7 4. e4 d6 5. Be2 O-O 6. Nf3 Bg4 7. Be3 Nfd7 8. O-O
Nc6 9. d5 Bxf3 10. gxf3 Ncb8 11. f4 a5 12. Kh1 Na6 13. f5 Nac5 14. Qd2 c6 15.
Rg1 cxd5 16. exd5 Nf6 17. Qc2 1/2-1/2

[Event "CAN-ch"]
[Site "Kingston CAN"]
[Date "1992.??.??"]
[Round "5"]
[White "Basanta, Gary"]
[Black "Hergott, Deen"]
[Result "1/2-1/2"]
[WhiteElo "2315"]
[BlackElo "2410"]
[PlyCount "110"]
[EventDate "1992.??.??"]
[EventType "tourn"]
[EventRounds "11"]
[EventCountry "CAN"]

1. c4 e5 2. d3 Nf6 3. Nf3 Nc6 4. a3 a5 5. e3 d5 6. cxd5 Nxd5 7. Qc2 Be7 8. b3
O-O 9. Bb2 f6 10. Be2 Qe8 11. d4 exd4 12. Nxd4 Nxd4 13. Bxd4 Be6 14. O-O c5 15.
Bb2 a4 16. Bc4 Qf7 17. bxa4 Nxe3 18. Bxe6 Nxc2 19. Bxf7+ Rxf7 20. Ra2 Rxa4 21.
Nc3 Ra8 22. Rc1 Nd4 23. Kf1 Bf8 24. Ne4 Ne6 25. Bc3 b5 26. Rb2 Rb7 27. Bd2 Rxa3
28. Be3 b4 29. Nxc5 Nxc5 30. Bxc5 Rc7 31. Rbc2 Bxc5 32. Rxc5 Rxc5 33. Rxc5 Kf7
34. Rb5 Rb3 35. Ke2 g5 36. h4 Rb2+ 37. Ke3 Rb3+ 38. Ke4 Rb2 39. hxg5 fxg5 40.
f4 g4 41. g3 Rb3 42. Rb7+ Kf6 43. Rb6+ Ke7 44. Kf5 Rxg3 45. Kg5 h6+ 46. Kh4 Rg1
47. Rxb4 Kf6 48. Rb5 Kg6 49. Ra5 Rg2 50. Rb5 Rg1 51. Ra5 g3 52. Kh3 h5 53. Rg5+
Kf6 54. Rxg3 Rxg3+ 55. Kxg3 Kf5 1/2-1/2

[Event "CAN-ch"]
[Site "Kingston CAN"]
[Date "1992.??.??"]
[Round "6"]
[White "Hergott, Deen"]
[Black "Day, Lawrence"]
[Result "1-0"]
[WhiteElo "2410"]
[BlackElo "2395"]
[PlyCount "77"]
[EventDate "1992.??.??"]
[EventType "tourn"]
[EventRounds "11"]
[EventCountry "CAN"]

1. d4 Nf6 2. c4 d6 3. Nc3 g6 4. e4 Bg7 5. f3 a6 6. Be3 Nfd7 7. h4 c5 8. d5 b5
9. cxb5 axb5 10. Bxb5 Qb6 11. Nge2 Ba6 12. a4 O-O 13. h5 Bxb5 14. axb5 Rxa1 15.
Qxa1 Ne5 16. hxg6 hxg6 17. O-O Nd3 18. Qb1 Nb4 19. f4 Nd7 20. e5 dxe5 21. f5 g5
22. Qe4 Qh6 23. Qg4 Bf6 24. Rf3 Qh4 25. Rg3 Qxg4 26. Rxg4 Nd3 27. Bxg5 Bxg5 28.
Rxg5+ Kh7 29. Rh5+ Kg7 30. Rg5+ Kh6 31. Rg3 Nxb2 32. Ne4 Ra8 33. d6 exd6 34.
Nxd6 f6 35. Nc3 Ra3 36. Rg6+ Kh7 37. Nce4 Ra1+ 38. Kh2 Rb1 39. Ne8 1-0

[Event "CAN-ch"]
[Site "Kingston CAN"]
[Date "1992.??.??"]
[Round "7"]
[White "Hartman, Brian"]
[Black "Hergott, Deen"]
[Result "1/2-1/2"]
[WhiteElo "2370"]
[BlackElo "2410"]
[PlyCount "105"]
[EventDate "1992.??.??"]
[EventType "tourn"]
[EventRounds "11"]
[EventCountry "CAN"]

1. d4 Nf6 2. c4 e6 3. Nf3 Bb4+ 4. Bd2 Qe7 5. g3 Nc6 6. Nc3 O-O 7. Bg2 d5 8. a3
Bxc3 9. Bxc3 Ne4 10. Qc2 a5 11. b3 Nxc3 12. Qxc3 a4 13. b4 dxc4 14. Qxc4 e5 15.
dxe5 Nxe5 16. Nxe5 Qxe5 17. O-O c6 18. Qe4 Qxe4 19. Bxe4 Be6 20. Rfd1 Rfd8 21.
Rac1 Bb3 22. Rxd8+ Rxd8 23. Bd3 Kf8 24. f4 Ke7 25. Kf2 Kd6 26. Rc3 h6 27. Bf5
b6 28. Rd3+ Kc7 29. Rxd8 Kxd8 30. Ke3 Kc7 31. Kd4 Kd6 32. e4 f6 33. Bg6 Ke7 34.
e5 fxe5+ 35. Kxe5 c5 36. bxc5 bxc5 37. h4 Ba2 38. Be4 Bb3 39. Bd5 Kd7 40. Bf3
Ke7 41. Bc6 Kf7 42. Bb5 Ke7 43. Bc6 Kf7 44. Bd5+ Ke7 45. g4 Kd7 46. g5 Ke7 47.
Ke4 Bc2+ 48. Ke3 Kd6 49. Bc4 Bg6 50. Bb5 Bc2 51. Kd2 Bb3 52. Kc3 hxg5 53. hxg5
1/2-1/2

[Event "CAN-ch"]
[Site "Kingston CAN"]
[Date "1992.??.??"]
[Round "8"]
[White "Hergott, Deen"]
[Black "Huber, Greg"]
[Result "1-0"]
[WhiteElo "2410"]
[BlackElo "2320"]
[PlyCount "51"]
[EventDate "1992.??.??"]
[EventType "tourn"]
[EventRounds "11"]
[EventCountry "CAN"]

1. Nf3 d5 2. d4 c6 3. c4 e6 4. Nc3 f5 5. Bf4 Be7 6. e3 Nf6 7. h3 Ne4 8. g4 O-O
9. gxf5 Rxf5 10. Bd3 Qa5 11. Kf1 Nd7 12. Nxe4 dxe4 13. Bxe4 Rh5 14. Ne5 Rh4 15.
Qf3 Nf6 16. Bd3 c5 17. Bg5 cxd4 18. Bxh4 Qxe5 19. Qg3 Qc5 20. Rg1 Nh5 21. Qg4
Bxh4 22. Qxh4 dxe3 23. Bxh7+ Kxh7 24. Rg5 e2+ 25. Kxe2 Qb6 26. Qxh5+ 1-0

[Event "CAN-ch"]
[Site "Kingston CAN"]
[Date "1992.05.??"]
[Round "9"]
[White "Nickoloff, Bryon"]
[Black "Hergott, Deen"]
[Result "1/2-1/2"]
[WhiteElo "2430"]
[BlackElo "2410"]
[PlyCount "23"]
[EventDate "1992.??.??"]
[EventType "tourn"]
[EventRounds "11"]
[EventCountry "CAN"]

1. d4 g6 2. c4 Bg7 3. e4 Nc6 4. Nf3 d6 5. d5 Ne5 6. Nxe5 Bxe5 7. f4 Bg7 8. Bd3
c6 9. Nc3 Nf6 10. O-O Ng4 11. Qe2 Bd4+ 12. Kh1 1/2-1/2

[Event "CAN-ch"]
[Site "Kingston CAN"]
[Date "1992.??.??"]
[Round "10"]
[White "O'Donnell, Tom"]
[Black "Hergott, Deen"]
[Result "1/2-1/2"]
[WhiteElo "2395"]
[BlackElo "2410"]
[PlyCount "55"]
[EventDate "1992.??.??"]
[EventType "tourn"]
[EventRounds "11"]
[EventCountry "CAN"]

1. e4 e6 2. d4 d5 3. Nd2 c5 4. exd5 Qxd5 5. Ngf3 Nf6 6. Bc4 Qc6 7. a4 a6 8. Bb5
axb5 9. axb5 Qxf3 10. Qxf3 Rxa1 11. Nb3 Ra8 12. dxc5 Nbd7 13. Be3 Nxc5 14. Nxc5
Ra1+ 15. Ke2 Rxh1 16. Qg3 Be7 17. Qc7 O-O 18. Qxe7 Rb1 19. Nd3 Re8 20. Qa3 e5
21. Qa2 Rg1 22. Ne1 Rh1 23. h3 Nh5 24. Nd3 Rg1 25. Qa4 Nf4+ 26. Nxf4 exf4 27.
Qxf4 Rxg2 28. Qc7 1/2-1/2

[Event "CAN-ch"]
[Site "Kingston CAN"]
[Date "1992.??.??"]
[Round "11"]
[White "Hergott, Deen"]
[Black "Horton, Joe"]
[Result "1/2-1/2"]
[WhiteElo "2410"]
[BlackElo "2337"]
[PlyCount "67"]
[EventDate "1992.??.??"]
[EventType "tourn"]
[EventRounds "11"]
[EventCountry "CAN"]

1. Nf3 g6 2. c4 Bg7 3. Nc3 c5 4. g3 Nc6 5. Bg2 e6 6. a3 Nge7 7. b4 cxb4 8. axb4
Nxb4 9. Ba3 Nec6 10. O-O O-O 11. d4 a5 12. e4 d6 13. Nb5 Ra6 14. Qd2 e5 15. d5
Nb8 16. Bxb4 axb4 17. Qxb4 Rb6 18. Ra8 Bg4 19. Qa3 Re8 20. Qa7 Ra6 21. Qxb7
Rxa8 22. Qxa8 Qb6 23. Ra1 Rc8 24. Na7 Rxc4 25. Nc6 Bf8 26. Nd2 Rc2 27. Qxb8
Qxb8 28. Nxb8 Rxd2 29. f3 Bc8 30. Rc1 Bb7 31. Rb1 Bc8 32. Rc1 Bb7 33. Rb1 Bc8
34. Rc1 1/2-1/2

[Event "Autumn Frost"]
[Site "Ottawa CAN"]
[Date "1991.12.19"]
[Round "5"]
[White "Pacey, Kevin"]
[Black "Hergott, Deen"]
[Result "0-1"]
[WhiteElo "2243"]
[BlackElo "2510"]
[PlyCount "50"]
[EventDate "1991.11.21"]
[EventType "swiss"]
[EventRounds "5"]
[EventCountry "CAN"]

1. Nf3 g6 2. e4 Bg7 3. d4 c6 4. c4 d6 5. h3 Nf6 6. Nc3 O-O 7. Be2 e5 8. d5 Na6
9. Be3 Bd7 10. O-O c5 11. Kh2 Nh5 12. Ng1 Nf4 13. Bf3 f5 14. g3 Nh5 15. exf5
Bxf5 16. g4 e4 17. Bg2 Qh4 18. gxh5 Be5+ 19. Kh1 Bxh3 20. Bxh3 Rf3 21. Qxf3
exf3 22. hxg6 Nb4 23. gxh7+ Kxh7 24. Bg5 Qxg5 25. Nxf3 Qh6 0-1

[Event "Quebec op"]
[Site "Montreal CAN"]
[Date "1991.07.27"]
[Round "1"]
[White "Hergott, Deen"]
[Black "Maisonneuve, Jude"]
[Result "1-0"]
[WhiteElo "2309"]
[BlackElo "1928"]
[PlyCount "65"]
[EventDate "1991.07.27"]
[EventType "swiss"]
[EventRounds "8"]
[EventCountry "CAN"]

1. Nf3 Nf6 2. c4 g6 3. Nc3 Bg7 4. d4 O-O 5. e4 d6 6. Be2 Nbd7 7. O-O e5 8. Qc2
Re8 9. Rd1 exd4 10. Nxd4 Nc5 11. f3 a5 12. Bg5 h6 13. Bh4 c6 14. Nb3 Nxb3 15.
axb3 Qc7 16. Bg3 Re5 17. f4 Re7 18. f5 Ne8 19. fxg6 fxg6 20. c5 Be5 21. cxd6
Nxd6 22. Nd5 cxd5 23. Qxc7 Rxc7 24. Bxe5 Rd7 25. Rxd5 Nxe4 26. Bc4 Kf8 27. Rf1+
Ke7 28. Rf7+ Ke8 29. Rf4 Rxd5 30. Bxd5 Ng5 31. h4 Ne6 32. Rf6 Ra6 33. Bc4 1-0

[Event "Quebec op"]
[Site "Montreal CAN"]
[Date "1991.07.28"]
[Round "2"]
[White "Gladu, Pierre"]
[Black "Hergott, Deen"]
[Result "0-1"]
[WhiteElo "2028"]
[BlackElo "2309"]
[PlyCount "86"]
[EventDate "1991.07.27"]
[EventType "swiss"]
[EventRounds "8"]
[EventCountry "CAN"]

1. e4 e6 2. d4 d5 3. Nd2 Nf6 4. e5 Nfd7 5. Bd3 c5 6. c3 Nc6 7. Ne2 cxd4 8. cxd4
f6 9. exf6 Nxf6 10. Nf3 Bd6 11. O-O Qc7 12. Bg5 O-O 13. Rc1 Bd7 14. Bh4 Nh5 15.
Bb1 Qb6 16. Rc3 g6 17. a3 Rae8 18. Rb3 Qc7 19. Qd3 Na5 20. Rc3 Qb6 21. b4 Bb5
22. Qc2 Nc6 23. Rd1 Qa6 24. Nc1 Nf4 25. Re3 Ba4 26. Nb3 Bxb3 27. Qxb3 Ne2+ 28.
Rxe2 Qxe2 29. Bd3 Rxf3 30. gxf3 Qxf3 31. Bc2 Qg4+ 32. Bg3 Bxg3 33. Qxg3 Qxg3+
34. hxg3 Rc8 35. Bb3 Ne7 36. Rd3 Rc1+ 37. Kg2 Nf5 38. Kf3 Kf7 39. g4 Nd6 40.
Kg3 Ne4+ 41. Kf4 Nxf2 42. Rf3 Ne4 43. Ba4 g5+ 0-1

[Event "Quebec op"]
[Site "Montreal CAN"]
[Date "1991.07.29"]
[Round "3"]
[White "Hergott, Deen"]
[Black "Gaudreau, Alain"]
[Result "1-0"]
[WhiteElo "2309"]
[BlackElo "1889"]
[PlyCount "37"]
[EventDate "1991.07.27"]
[EventType "swiss"]
[EventRounds "8"]
[EventCountry "CAN"]

1. Nf3 Nf6 2. d4 g6 3. Nc3 d5 4. Bf4 c6 5. e3 Bg4 6. Be2 Bg7 7. h3 Bxf3 8. Bxf3
O-O 9. h4 h5 10. g4 hxg4 11. Bxg4 Ne4 12. Nxe4 dxe4 13. c3 Qa5 14. h5 g5 15. h6
gxf4 16. hxg7 Rd8 17. Bc8 f5 18. Be6+ Kxg7 19. Qh5 1-0

[Event "Quebec op"]
[Site "Montreal CAN"]
[Date "1991.12.30"]
[Round "4"]
[White "Barsov, Alexei"]
[Black "Hergott, Deen"]
[Result "1-0"]
[WhiteElo "2425"]
[BlackElo "2309"]
[PlyCount "61"]
[EventDate "1991.07.27"]
[EventType "swiss"]
[EventRounds "8"]
[EventCountry "CAN"]

1. d4 Nf6 2. c4 a6 3. Nc3 c5 4. d5 b5 5. cxb5 axb5 6. e4 Qa5 7. Bxb5 Nxe4 8.
Nge2 Nd6 9. Bd3 Na6 10. O-O Nb4 11. Bb1 Bb7 12. a3 c4 13. Bf4 Ra6 14. axb4 Qxa1
15. Qd2 Ra8 16. Bxd6 exd6 17. Nd4 Be7 18. Nf5 Kf8 19. Nxe7 Kxe7 20. Nb5 Rhc8
21. Qf4 Kf8 22. Nxd6 f6 23. Nxc8 Bxc8 24. Bxh7 c3 25. bxc3 Qxc3 26. Qd6+ Kf7
27. h4 Ra6 28. Qf4 Ra1 29. Rxa1 Qxa1+ 30. Kh2 Qd1 31. Qe4 1-0

[Event "Quebec op"]
[Site "Montreal CAN"]
[Date "1991.07.31"]
[Round "5"]
[White "Hergott, Deen"]
[Black "Teuton, Frank"]
[Result "1-0"]
[WhiteElo "2309"]
[BlackElo "2144"]
[PlyCount "109"]
[EventDate "1991.07.27"]
[EventType "swiss"]
[EventRounds "8"]
[EventCountry "CAN"]

1. Nf3 g6 2. d4 Bg7 3. e4 c6 4. c4 Na6 5. Nc3 Nc7 6. Bf4 d6 7. h3 Nf6 8. Be2
O-O 9. O-O h6 10. Qd2 g5 11. Bh2 g4 12. hxg4 Nxg4 13. Bg3 Ne6 14. Rad1 Kh8 15.
e5 dxe5 16. Nxe5 Nf6 17. Qe3 Nc7 18. Bf4 Ng8 19. Bh5 Be6 20. d5 cxd5 21. cxd5
Nxd5 22. Nxd5 Bxd5 23. Bxf7 Bxf7 24. Rxd8 Raxd8 25. Nxf7+ Rxf7 26. Be5 b6 27.
Bxg7+ Rxg7 28. Rc1 Kh7 29. Qe4+ Kh8 30. Qe3 Kh7 31. g3 Nf6 32. Rc7 Rd1+ 33. Kg2
e5 34. Rc6 Ng8 35. Qe4+ Kh8 36. Qxe5 Rdd7 37. Qe8 Kh7 38. Qe4+ Kh8 39. Qe5 Rde7
40. Qc3 Kh7 41. Qd3+ Kh8 42. f4 Ref7 43. Kf3 Rf6 44. Rxf6 Nxf6 45. Qd8+ Ng8 46.
Qf8 Rc7 47. f5 Rc6 48. Qf7 a5 49. Qd7 Rf6 50. Kf4 h5 51. Kg5 Rh6 52. Qd4+ Kh7
53. Qd7+ Kh8 54. Qd4+ Kh7 55. a4 1-0

[Event "Quebec op"]
[Site "Montreal CAN"]
[Date "1991.08.01"]
[Round "6"]
[White "Hergott, Deen"]
[Black "Barbeau, Sylvain"]
[Result "0-1"]
[WhiteElo "2309"]
[BlackElo "2377"]
[PlyCount "62"]
[EventDate "1991.07.27"]
[EventType "swiss"]
[EventRounds "8"]
[EventCountry "CAN"]

1. d4 d5 2. Nf3 e6 3. Bg5 f6 4. Bf4 Bd6 5. Bxd6 Qxd6 6. c4 Ne7 7. Nc3 O-O 8. e3
b6 9. Bd3 Ba6 10. b3 e5 11. dxe5 fxe5 12. Nxd5 Nxd5 13. cxd5 e4 14. Bxe4 Qb4+
15. Nd2 Nd7 16. Qc2 Nc5 17. O-O-O Rxf2 18. Bxh7+ Kh8 19. h4 Rd8 20. h5 Rxd5 21.
h6 Nd3+ 22. Bxd3 Bxd3 23. hxg7+ Kg8 24. Rh8+ Kxg7 25. Qb2+ Kf7 26. Rdh1 Rc5+
27. Kd1 Bc2+ 28. Qxc2 Rxc2 29. R1h7+ Ke6 30. Re8+ Kd5 31. Rd7+ Kc6 0-1

[Event "Quebec op"]
[Site "Montreal CAN"]
[Date "1991.08.02"]
[Round "7"]
[White "Glass, Martin"]
[Black "Hergott, Deen"]
[Result "0-1"]
[WhiteElo "2018"]
[BlackElo "2309"]
[PlyCount "42"]
[EventDate "1991.07.27"]
[EventType "swiss"]
[EventRounds "8"]
[EventCountry "CAN"]

1. d4 g6 2. c4 Bg7 3. Nc3 c5 4. d5 Bxc3+ 5. bxc3 f5 6. Qa4 Qb6 7. Bf4 Nf6 8.
Rd1 Ne4 9. Be5 O-O 10. f3 d6 11. fxe4 dxe5 12. g3 Nd7 13. exf5 gxf5 14. Bg2 Nf6
15. Qb3 Ng4 16. Bh3 Ne3 17. Rd3 Qh6 18. Rxe3 Qxe3 19. Qc2 f4 20. Qd3 Qc1+ 21.
Kf2 fxg3+ 0-1

[Event "Quebec op"]
[Site "Montreal CAN"]
[Date "1991.08.03"]
[Round "8"]
[White "Cazelais, Marc"]
[Black "Hergott, Deen"]
[Result "0-1"]
[WhiteElo "2102"]
[BlackElo "2309"]
[PlyCount "98"]
[EventDate "1991.07.27"]
[EventType "swiss"]
[EventRounds "8"]
[EventCountry "CAN"]

1. e4 c5 2. Nf3 Nc6 3. d4 cxd4 4. Nxd4 e5 5. Nb5 Nf6 6. N1c3 d6 7. Bg5 a6 8.
Na3 Be6 9. Nc4 Rc8 10. Ne3 Nd4 11. Bd3 Qb6 12. Rb1 Be7 13. Bxf6 Bxf6 14. O-O
Bg5 15. Ncd5 Qd8 16. c3 Nc6 17. Bc4 Na5 18. Bb3 O-O 19. Re1 g6 20. g3 f5 21. f4
Nxb3 22. axb3 exf4 23. exf5 Bxd5 24. Qxd5+ Kh8 25. Qd4+ Qf6 26. Qxf6+ Rxf6 27.
gxf4 Bxf4 28. Nd5 Rxf5 29. Nxf4 Rxf4 30. Re7 b5 31. Rbe1 Rc5 32. Ra7 Rg5+ 33.
Kh1 Re5 34. Rxe5 dxe5 35. Rxa6 Rf2 36. Rb6 Kg7 37. Rxb5 Kf6 38. Rb8 Rxb2 39.
Rf8+ Kg5 40. b4 e4 41. Rf1 e3 42. Kg1 Kg4 43. Rf7 Rb1+ 44. Rf1 Rb3 45. Kg2 Rb2+
46. Kg1 e2 47. Rc1 Kf3 48. c4 Rb3 49. c5 Rd3 0-1

[Event "CAN-op"]
[Site "Windsor CAN"]
[Date "1991.07.14"]
[Round "2"]
[White "Brodie, Hugh"]
[Black "Hergott, Deen"]
[Result "0-1"]
[WhiteElo "2030"]
[BlackElo "2495"]
[PlyCount "72"]
[EventDate "1991.07.13"]
[EventType "swiss"]
[EventRounds "10"]
[EventCountry "CAN"]

1. e4 c5 2. Nf3 e6 3. c3 d5 4. exd5 exd5 5. Bb5+ Nc6 6. O-O Bd6 7. d4 Nge7 8.
Be3 c4 9. Nbd2 O-O 10. Re1 Bg4 11. Ba4 h6 12. h3 Bh5 13. g4 Bg6 14. Nh4 Bc7 15.
Bc2 Qd6 16. Nf1 Bxc2 17. Qxc2 Qf6 18. Nf5 Nxf5 19. Qxf5 Qxf5 20. gxf5 f6 21.
Bd2 Kf7 22. Kg2 b5 23. Kf3 b4 24. Bf4 Ba5 25. Bd2 Rab8 26. Kg4 bxc3 27. bxc3
Rb2 28. Re6 h5+ 29. Kf3 Ne7 30. Rxe7+ Kxe7 31. Bc1 Bxc3 32. Bxb2 Bxb2 33. Rd1
Rb8 34. Ne3 Kd6 35. Rb1 Rb6 36. Nc2 Bxd4 0-1

[Event "CAN-op"]
[Site "Windsor CAN"]
[Date "1991.07.16"]
[Round "5"]
[White "Hergott, Deen"]
[Black "Taylor, Gordon"]
[Result "1-0"]
[WhiteElo "2497"]
[BlackElo "2355"]
[PlyCount "53"]
[EventDate "1991.07.13"]
[EventType "swiss"]
[EventRounds "10"]
[EventCountry "CAN"]

1. Nf3 Nf6 2. c4 c5 3. Nc3 d5 4. cxd5 Nxd5 5. g3 Nc6 6. Bg2 Nc7 7. O-O e5 8.
Ne1 Bd7 9. Nd3 f6 10. b3 Be7 11. f4 exf4 12. Nxf4 O-O 13. e3 Rb8 14. Bb2 Ne5
15. Ncd5 Bg4 16. Bxe5 Bxd1 17. Bxc7 Qd7 18. Bxb8 Bg4 19. Nxe7+ Qxe7 20. Nd5 Qd8
21. Bxa7 Qa5 22. Bb6 Qxd2 23. Bxc5 Rd8 24. Bd4 Qd3 25. Rf2 Qb5 26. Bf1 Qe8 27.
Bc4 1-0